[Event "Bariloche Peon Dama op"]
[Site "Bariloche"]
[Date "2024.03.16"]
[Round "3"]
[White "Rossi, Geronimo"]
[Black "Belmonte, Adriel"]
[Result "0-1"]
[WhiteElo "1828"]
[BlackElo "1882"]
[PlyCount "90"]
[EventDate "2024.03.15"]
[EventType "swiss"]
[EventRounds "7"]
[EventCountry "ARG"]
[SourceTitle "CB13_2024"]
[SourceDate "2024.03.27"]
[SourceVersion "1"]
[SourceVersionDate "2024.03.27"]
[SourceQuality "1"]

1. e4 c6 2. Nf3 d5 3. d3 Nd7 4. Nc3 e6 5. Bf4 Bb4 6. exd5 cxd5 7. a3 Ba5 8. d4 a6 9. Bd3 Ne7 10. 0-0 Bxc3 11. bxc3 Ng6 12. Bg3 0-0 13. h4 Nf6 14. Ng5 h6 15. h5 Ne7 16. Nf3 Nxh5 17. Bh4 Nf4 18. Bxe7 Qxe7 19. Ne5 Qg5 20. Qg4 Qxg4 21. Nxg4 f6 22. Ne3 e5 23. g3 Nxd3 24. cxd3 Be6 25. dxe5 fxe5 26. d4 e4 27. Rab1 b5 28. a4 Rab8 29. a5 Rbc8 30. Rb3 Rf3 31. Kg2 g6 32. Rc1 Kg7 33. Rb2 h5 34. Rb4 g5 35. c4 dxc4 36. d5 Bf7 37. Rd1 Kf6 38. d6 Rd8 39. Rd2 Ke5 40. g4 Rxd6 41. Rxd6 Kxd6 42. Rb1 Kc5 43. Rd1 h4 44. Rd7 Kb4 45. Nf5 Be6 0-1

[Event "Bariloche Peon Dama op"]
[Site "Bariloche"]
[Date "2024.03.15"]
[Round "1"]
[White "Rossi, Geronimo"]
[Black "Leiva, Braian"]
[Result "1-0"]
[WhiteElo "1828"]
[BlackElo "1558"]
[PlyCount "39"]
[EventDate "2024.03.15"]
[EventType "swiss"]
[EventRounds "7"]
[EventCountry "ARG"]
[SourceTitle "CB13_2024"]
[SourceDate "2024.03.27"]
[SourceVersion "1"]
[SourceVersionDate "2024.03.27"]
[SourceQuality "1"]

1. e4 e5 2. Nf3 Nc6 3. d4 Nf6 4. dxe5 Nxe4 5. Bc4 Nxf2 6. Qd5 Qe7 7. Kxf2 Nb4 8. Qe4 d5 9. Bxd5 Qc5+ 10. Be3 Qa5 11. Nc3 Be6 12. Rhd1 c6 13. Bxe6 fxe6 14. Qg4 Bc5 15. Qxe6+ Kf8 16. Rd7 Bxe3+ 17. Kxe3 Nd5+ 18. Nxd5 Qc5+ 19. Nd4 Qxd5 20. Qe7+ 1-0